000 01142nam a2200229Ia 4500
001 L922-41803
003 IT-CnALBA
008 170116s9999||||xx |||||||||||||| ||und||
040 _aIT-CnALBA
_cIT-CnALBA
041 _aITALIANO
100 _aCENTI SANTE P. TITO, OP.
245 0 _aLA SCOMUNICA DI GIROLAMO SAVONAROLA. SANTO O RIBELLE? FATTI E DOCUMENTI PER UN GIUDIZIO.
250 _a1a ed.
260 _a ROMA, MILANO.
_bARES EDIZIONI
_c1996 [1° Ed.:1996 - Ed.Ling.Originale: 1996]
300 _a134 p.
500 _aINTRODUZIONE. CRONOLOGIA. SCOMUNICATO? APPENDICE. REPLICA E CONTROREPLICA. L'ANNOSA PERSECUZIONE PRECEDENTE. LA PAROLA ALLA DIFESA. PAROLA ALL'IMPURATO. DIBATTITO MODERNO. GIUDIZIO SULLA STORIA.
501 _aSocietà San Paolo EM - Piazza San Paolo, 14 - 12051 ALBA (CN) (non commercial uses only) ® Copyright 2017
520 _aINTRODUZIONE. CRONOLOGIA. SCOMUNICATO? APPENDICE. REPLICA E CONTROREPLICA. L'ANNOSA PERSECUZIONE PRECEDENTE. LA PAROLA ALLA DIFESA. PAROLA ALL'IMPURATO. DIBATTITO MODERNO. GIUDIZIO SULLA STORIA.
650 _aBIOGRAFIE, UOMINI ILLUSTRI
942 _cBK
957 _71
999 _a47032
_bNO
_g Copie: 1
_c300771
_d300771